संकल्प की प्रितिमूरती / (Record no. 117893)

MARC details
000 -LEADER
fixed length control field 01021nam a22002537a 4500
005 - DATE AND TIME OF LATEST TRANSACTION
control field 20170124103102.0
010 ## - LIBRARY OF CONGRESS CONTROL NUMBER
LC control number A-482612
020 ## - INTERNATIONAL STANDARD BOOK NUMBER
Terms of availability 125.00
035 ## - SYSTEM CONTROL NUMBER
System control number A-482612
037 ## - SOURCE OF ACQUISITION
Source of stock number/acquisition Cen Lib/Ret
040 ## - CATALOGING SOURCE
Original cataloging agency DPL
Language of cataloging HN
082 ## - DEWEY DECIMAL CLASSIFICATION NUMBER
Classification number
Item number शुक्लभ
100 ## - MAIN ENTRY--PERSONAL NAME
Personal name शुक्ल, भपेन्द्रनाथ
9 (RLIN) 130
245 ## - TITLE STATEMENT
Title संकल्प की प्रितिमूरती /
Statement of responsibility, etc भपेन्द्रनाथ शुक्ल
246 ## - VARYING FORM OF TITLE
Title proper/short title Sankalp ki primurti /
Remainder of title by Bhapendranath Shukal
260 ## - PUBLICATION, DISTRIBUTION, ETC. (IMPRINT)
Place of publication, distribution, etc नयी दिल्ली
Name of publisher, distributor, etc प्रवीन प्रकाशन
Date of publication, distribution, etc 1991
270 ## - ADDRESS
Address 1/1079-ई, महरौली
City नयी दिल्ली
Postal code 110030
300 ## - PHYSICAL DESCRIPTION
Extent 237पृ.
Dimensions 19सेमी(सजिल्द)
650 ## - SUBJECT ADDED ENTRY--TOPICAL TERM
Topical term or geographic name as entry element साहित्य--कथा
9 (RLIN) 42948
650 ## - SUBJECT ADDED ENTRY--TOPICAL TERM
Topical term or geographic name as entry element हिंदी--उपन्यास
9 (RLIN) 77365
650 ## - SUBJECT ADDED ENTRY--TOPICAL TERM
Topical term or geographic name as entry element Literature--Fiction
9 (RLIN) 77366
650 ## - SUBJECT ADDED ENTRY--TOPICAL TERM
Topical term or geographic name as entry element Hindi--Fiction
9 (RLIN) 27248
942 ## - ADDED ENTRY ELEMENTS (KOHA)
Source of classification or shelving scheme Dewey Decimal Classification
Koha item type Hindi Books
Classification part
Call number suffix शुक्लभ
Holdings
Withdrawn status Lost status Damaged status Not for loan Home library Current library Date acquired Source of acquisition Cost, normal purchase price Total Checkouts Full call number Barcode Date last seen Copy number Cost, replacement price Price effective from Koha item type Public note
Written off       Central Library Central Library 08/09/2015 Cen Lib/Ref 125.00   उ शुक्लभ A-482612 08/09/2015 1 125.00 08/09/2015 Hindi Books Written off on approval by DLB (By Circulation); dtd 15-06-2023

© Delhi Public Library
Hit Counter
free hit counter